Clinical gastroenterology. (2nd ed.) (Record no. 31012)

MARC details
000 -LEADER
fixed length control field 00652nam a2200181 a 4500
008 - FIXED-LENGTH DATA ELEMENTS--GENERAL INFORMATION
fixed length control field 110915s1977 ||||||||||||||||| || u
020 ## - INTERNATIONAL STANDARD BOOK NUMBER
International Standard Book Number 0024152609
050 ## - LIBRARY OF CONGRESS CALL NUMBER
Classification number RC 816 Spi
100 ## - MAIN ENTRY--PERSONAL NAME
Personal name Spiro, Howard M
245 10 - TITLE STATEMENT
Title Clinical gastroenterology. (2nd ed.)
250 ## - EDITION STATEMENT
Edition statement 2nd ed.
260 ## - PUBLICATION, DISTRIBUTION, ETC.
Place of publication, distribution, etc. New York:
Name of publisher, distributor, etc. Macmillan Publishing Co
Date of publication, distribution, etc. 1977
300 ## - PHYSICAL DESCRIPTION
Extent xx, 1289p.: ill.
350 ## -
-- 0.00
650 ## - SUBJECT ADDED ENTRY--TOPICAL TERM
Topical term or geographic name entry element GASTROENTEROLOGY
650 ## - SUBJECT ADDED ENTRY--TOPICAL TERM
Topical term or geographic name entry element GASTROINTESTINAL DISEASES
995 ## -
-- MEDICAL LIBRARY OPEN ACCESS
-- 0.00
-- 901464
-- CBU-SCHOOL OF MEDICINE LIBRARY (Ndola)
-- 1
-- 0.00
-- RC 816 SPI
-- 1
-- AVAILABLE
-- Oct 27, 2011
-- 901464
-- Medical Library Open Access Collection
999 ## -
-- 31012
-- 31012
Holdings
Withdrawn status Lost status Source of classification or shelving scheme Damaged status Not for loan Permanent Location Current Location Shelving location Date acquired Total Checkouts Full call number Barcode Date last seen Price effective from Koha item type
          CBU-SCHOOL OF MEDICINE LIBRARY, NDOLA. CBU-SCHOOL OF MEDICINE LIBRARY, NDOLA.   11/30/2022   RC 816 Spi 901464 11/30/2022 11/30/2022 MONOGRAPH